| 000 | 00590nam a2200169Ia 4500 | ||
|---|---|---|---|
| 003 | GCL | ||
| 008 | 140319s9999 xx 000 0 ara d | ||
| 040 |
_aGCL / _cGCL |
||
| 082 | 0 | 4 |
_a250 _bع م |
| 100 | 1 | _aعبدالحكم عبداللطيف الصعيدى | |
| 245 | 1 | 0 |
_aملامح التوجيه الاسلامى للعلوم لدى علماء المسلمين / _cعبدالحكم عبداللطيف الصعيدى |
| 260 |
_a[S.N] : _bمركز الكتاب للنشر ، _c1991 |
||
| 300 | _a47 ص | ||
| 490 | _a | ||
| 650 | 0 | 4 | _aالشريعة الاسلامية |
| 942 |
_2ddc _cBK |
||
| 999 |
_c48962 _d48962 |
||